Statistiques concernant Pays par image de dirigeant - 1960

Cliquez ici pour prendre le quiz!

Statistiques générales

  • Ce quiz a été pris 159 fois
  • Le résultat moyen est 10 sur 16

Statistiques - réponses

Réponse% Correct
France
100%
Chine
96%
Cuba
89%
Viêt Nam
82%
Etats-Unis
80%
Égypte
64%
Union soviétique
57%
Espagne
55%
Inde
53%
Iran
51%
Indonésie
45%
Yougoslavie
43%
Royaume-Uni
41%
Allemagne de l'Ouest
36%
Éthiopie
35%
Israël
32%

Distribution des résultats

Percentile par nombre de réponses

% des personnes avec chaque résultat

Votre développement - résultats

Vous n’avez pas pris ce quiz